Ako jednať s ľuďmi problematickými na kontakt?

Podniková stratégia pri trénovaní ľudí ako zvládavať konflikty.

Na minha lista:
Detalhes bibliográficos
Formato: Capítulo de Livro
Idioma:eslovaco
Assuntos:
Tags: Adicionar Tag
Sem tags, seja o primeiro a adicionar uma tag!

MARC

LEADER 00000naa a2200000 4500
001 0220634
005 20231116122604.4
041 0 |a slo 
044 |a SK 
245 1 0 |a Ako jednať s ľuďmi problematickými na kontakt? 
520 |a Podniková stratégia pri trénovaní ľudí ako zvládavať konflikty. 
610 2 0 |a riadenie ľudských zdrojov 
610 2 0 |a konflikty 
610 2 0 |a manažéri 
610 2 0 |a sebakontrola 
610 2 0 |a sebapoznanie 
610 2 0 |a sebavýchova